Les pays comptant le plus de lacs - Statistiques

Statistiques générales
  • Ce quiz a été pris 50 fois
  • Le résultat moyen est 9 sur 10
Statistiques - réponses
Hint Réponse nombre de lacs % Correct
#1 Canada 879 800
100%
#3 Etats-Unis 102 500
100%
#2 Russie 201 200
100%
#6 Brésil 20 900
93%
#4 Chine 23 800
93%
#8 Argentine 13 600
83%
#10 Australie 11 400
78%
#7 Norvège 20 000
76%
#5 Suède 22 600
76%
#9 Kazakhstan 12 400
56%
Aucun quiz correspondant
Distribution des résultats
% des personnes avec chaque résultat
Percentile par nombre de réponses
Votre historique - résultats
Vous n’avez pas pris ce quiz